000 00422nam a2200181Ia 4500
005 20250423095500.0
008 250422s9999 xx 000 0 und d
020 _a9789351119999
050 _aTN 880.2 .S56/
100 _aSingla, Somesh
245 0 _aGas well deliquification
260 _aNew Delhi
260 _bRandom Publications
260 _c2017
300 _a290 p
650 _aGas wells.
942 _cBK
999 _c30407
_d30407